000 01120nac a22003135a 4500
006 m||||f ||z|f00| 0
008 080817t2007 enk fr f000 0 eng d
020 _a9780194309714 (Lecture ready 3)
020 _a0194309714
040 _aEG-ScBUE
_beng
_cEG-ScBUE
082 0 4 _a371.396
_bFRA
_222
100 1 _aFrazier, Laurie
_97559
245 1 0 _aLecture Ready 3 :
_bStrategies for Academic Listening, Note-taking, and Discussion /
_cLaurie frazier and Shalle leeming
246 _aAnswer Key and Transcripts.
260 _aOxford, UK. ;
_aNew York :
_bOxford University Press,
_cc.2007
300 _a120 p. ;
_c32 cm. +
_e2 audio discs, 1 answer key transcripts (37 p.)
590 _aMohamed Hussein
650 _aLecture method in teaching
_98352
_2BUEsh
650 _aLectures and lecturing
_919900
_2BUEsh
650 _aNote-taking.
_91009
_2BUEsh
650 _aStudy skills.
_914009
_2BUEsh
651 _2BUEsh
653 _bGGEN
_cAugust2015
700 1 _919901
_aLeeming, Shalle
740 _aLecture Ready 1
740 _aLecture Ready 2
740 _aLecture Ready 3
942 _cBB
_k371.30281LEC
_2ddc
999 _c12531
_d12531